000 00537nam a2200193Ia 4500
001 8134
003 GE_BSU
008 181216s||||||||xx |||||||||||||| ||und||
040 _cGE_BSU
245 _aНовая и новейшая история. №5 2013.
245 _bСентябрь-октябрь
245 _cред. Г. Г. Акимова и др.
260 _aМосква.
260 _bнаука
260 _c2013.
300 _a256ст;24см.
653 _aНовая и новейшая история
942 _cCR
999 _c41467
_d41467